Reconnaissances plantes annuelles - Statistiques

Statistiques générales
  • Ce quiz a été pris 50 fois
  • Le résultat moyen est 8 sur 20
Statistiques - réponses
Par images Réponse % Correct
Géranium - Pelargonium x hortorum (vivace)
97%
Surfinia - Petunia multiflora
58%
Fuschia magellanica (vivace)
55%
Dahlia pinnata (vivace)
52%
Bégonia samperflores
45%
Cosmos binipatus
42%
Kalanchoe blossfeldiana (vivace)
42%
Coléus - Plectranthus frutescens
39%
Oeillet d'Inde - Tagetes patula
39%
Dipladenia - Mandevilla laxa (vivace)
35%
Bidens ferulifolia
32%
Verveine - verbena vepita 'Carmen Kiss"
32%
Anthemis - Argyrantenum frutescens (vivace)
29%
Bégonia 'Dragon Wings"
29%
Gaura - Oenothera lindeimeri (vivace)
26%
Impatience walleriana
26%
Célosie - Celosia argentea
23%
Bacopa sutera 'Nova Everest Ice'
19%
Gazania
19%
Calibrachoa
13%
Aucun quiz correspondant
Distribution des résultats
% des personnes avec chaque résultat
Percentile par nombre de réponses
Votre historique - résultats
Vous n’avez pas pris ce quiz